000 00769nam a2200229Ia 4500
003 GCL
008 140319s9999 xx 000 0 ara d
040 _aGCL /
_cGCL
082 0 4 _a025.3
_bج م
100 1 _aمحمد فتحى عبدالهادى
245 1 0 _aموجز قواعد الفهرسة الانجلو امريكية /
_cمحمد فتحى عبدالهادى
700 1 _aجورمان، ميشيل
700 1 _aنبيلة خليفة جمعة
260 _a[S.N] :
_bالدار المصرية اللبنانية ،
_c1992
300 _a251
490 _a
650 0 4 _aالمعارف العامة
650 0 4 _aالفهرسة
650 0 4 _aالمكتبات
650 0 4 _aالتقنين الانجلو امريكى للفهرسة
942 _2ddc
_cBK
999 _c29114
_d29114